000
00279nam a22001217a 4500
003
SGT
082
_a
614
_b
C15S
100
_a
SINGH,MANISH KUMAR
245
_a
COMPLETE REVIEW OF PREVENTIVE AND SOCIAL MEDICINE
260
_a
INDIA
_b
CBS
_c
2015
300
_a
616
942
_2
ddc
_c
BK
_0
3
999
_c
14088
_d
14088